Local analytic geometry /

Guardado en:
Autor Principal: Abhyankar, Shreeram Shankar.
Formato: Libro
Idioma:English
Publicado: New York : Academic Press, 1964.
Series:Pure and applied mathematics (Academic Press) ; 14.
Materias:
Etiquetas: Agregar Etiqueta
Sin Etiquetas, Sea el primero en etiquetar este registro!
LEADER 00788cam a22002291a 4500
001 MAT.inmabb002809
008 781016s1964####nyu######b####001#0#eng##
005 20110913131724.0
245 1 0 |a Local analytic geometry /  |c Shreeram Shankar Abhyankar. 
260 |a New York :  |b Academic Press,  |c 1964. 
300 |a xv, 484 p. ;  |c 24 cm. 
490 1 |a Pure and applied mathematics, a series of monographs and textbooks ;  |v 14 
504 |a Bibliografía: p. 471-474. 
500 |a Incluye 4 p. de errata. 
510 4 |a MR,  |c 31 #173 
100 1 |a Abhyankar, Shreeram Shankar. 
830 0 |a Pure and applied mathematics (Academic Press) ;  |v 14. 
650 0 |a Geometry, Analytic. 
084 |a 32Bxx  |2 msc2000 
010 |a  64024650  
040 |a DLC  |c DLC  |d DLC 
859 |h 32  |i Ab147  |p A-5288  |b BIB. MATEMATICA